书目信息 |
| 题名: |
山火迷案
|
|
| 作者: | 巴尔 , Barr 著 ;王虎 , 王红梅 译 | |
| 分册: | ||
| 出版信息: | 南京 译林出版社 1997 |
|
| 页数: | 250,13页 | |
| 开本: | 20cm | |
| 丛书名: | 当代外国流行小说名篇丛书 | |
| 单 册: | ||
| 中图分类: | I712.45 | |
| 科图分类: | ||
| 主题词: | 侦探小说--美国--现代 , 长篇小说--美国--现代 | |
| 电子资源: | ||
| ISBN: | 7-80567-720-4 | |
| 000 | 01044nam2 2200337 450 | |
| 001 | 0100711422 | |
| 005 | 20100916103021.0 | |
| 010 | @a7-80567-720-4@dCNY11.50 | |
| 011 | @a7-80567-720-4 | |
| 100 | @a20021005d1997 em y0chiy0110 ea | |
| 101 | 1 | @achi@ceng |
| 102 | @aCN@b320000 | |
| 105 | @ay z 000ay | |
| 106 | @ar | |
| 200 | 1 | @a山火迷案@9Shan Huo Mi An @f(美)内瓦达·巴尔(Nevada Barr)著@g王虎,王红梅译@b专著 |
| 210 | @a南京@c译林出版社@d1997 | |
| 215 | @a250,13页@d20cm | |
| 225 | 2 | @a当代外国流行小说名篇丛书 |
| 300 | @a据G.P.Putnam's Sons,New York,1996年版译出 作者和大苹果股份有限公司授权出版 | |
| 410 | 0 | @12001 @a当代外国流行小说名篇丛书 |
| 500 | 10 | @a山火迷案@9shan huo mi an |
| 510 | 1 | @aFirestorm@zeng |
| 606 | 0 | @a侦探小说@y美国@z现代 |
| 606 | 0 | @a长篇小说@y美国@z现代 |
| 690 | @aI712.45@v3 | |
| 701 | 1 | @a巴尔@9ba er@bN.@4著 |
| 701 | 1 | @aBarr@bNevada@4著 |
| 702 | 0 | @a王虎@9wang hu@4译 |
| 702 | 0 | @a王红梅@9wang hong mei@4译 |
| 801 | 0 | @aCN@bAiZhiMarc@c19990505 |
| 905 | @aBZT@dI71@e2@f2@sI71/2 | |
| 山火迷案/(美)内瓦达·巴尔(Nevada Barr)著/王虎,王红梅译.-南京:译林出版社,1997 |
| 250,13页;20cm.-(当代外国流行小说名篇丛书) |
| 据G.P.Putnam's Sons,New York,1996年版译出 作者和大苹果股份有限公司授权出版 |
| ISBN 7-80567-720-4:CNY11.50 |
| ● |
| 相关链接 |
|
|
|
正题名:山火迷案
索取号:I71/2
 
预约/预借
| 序号 | 登录号 | 条形码 | 馆藏地/架位号 | 状态 | 备注 |
| 1 | 2000100361 | 2000100361 | 旧书回溯/ [索取号:I71/2] | 在馆 | |
| 2 | 2000103540 | 2000103540 | 旧书回溯/ [索取号:I71/2] | 在馆 |